An introduction to the theory of numbers / (Record no. 543684)

000 -LEADER
fixed length control field 00665cam a2200205 a 4500
020 ## - INTERNATIONAL STANDARD BOOK NUMBER
International Standard Book Number 9780199219858
082 00 - DEWEY DECIMAL CLASSIFICATION NUMBER
Classification number 512.7
Author Mark HAR
-- L-2,P-60.
100 1# - MAIN ENTRY--PERSONAL NAME
Personal name Hardy, G. H.
9 (RLIN) 39147
245 13 - TITLE STATEMENT
Title An introduction to the theory of numbers /
Statement of responsibility, etc. by G.H. Hardy and E.M. Wright.
250 ## - EDITION STATEMENT
Edition statement 3rd ed. /
260 ## - PUBLICATION, DISTRIBUTION, ETC.
Place of publication, distribution, etc. Oxford ;
-- New York :
Name of publisher, distributor, etc. Oxford University Press ;
Date of publication, distribution, etc. 2008.
300 ## - PHYSICAL DESCRIPTION
Extent xxi, 418 p. :
Other physical details ill. ;
Dimensions 24 cm.
526 ## - STUDY PROGRAM INFORMATION NOTE
Program name 0
Interest level 0
Reading level 0
Title point value 512_700000000000000_HAR
650 #0 - SUBJECT ADDED ENTRY--TOPICAL TERM
Topical term or geographic name entry element MCE
9 (RLIN) 379
650 #0 - SUBJECT ADDED ENTRY--TOPICAL TERM
Topical term or geographic name entry element Number theory.
9 (RLIN) 3455
700 1# - ADDED ENTRY--PERSONAL NAME
Personal name Heath-Brown, D. R.
9 (RLIN) 39148
700 1# - ADDED ENTRY--PERSONAL NAME
Personal name Silverman, Joseph H.,
9 (RLIN) 39149
700 1# - ADDED ENTRY--PERSONAL NAME
Personal name Wright, Edward Maitland,
9 (RLIN) 39150
942 ## - ADDED ENTRY ELEMENTS (KOHA)
Source of classification or shelving scheme
Koha item type Book
Holdings
Withdrawn status Lost status Source of classification or shelving scheme Damaged status Not for loan Permanent Location Current Location Date acquired Total Checkouts Full call number Barcode Date last seen Price effective from Koha item type
          Military College of Engineering (MCE) Military College of Engineering (MCE) 03/28/2014   512.7 HAR MCE-29097 03/28/2014 03/28/2014 Book
© 2023 Central Library, National University of Sciences and Technology. All Rights Reserved.